000
00237nam a2200097Ia 4500
001
641736
005
20250826153513.0
008
250824s9999 xx 000 0 und d
245
0
_a
ALMARPA NIN GİZEMİ
_c
KORAY AVCI ÇAKMAN
260
_b
TUDEM
999
_c
641736
_d
641736